| 000 | 00943cam a22002413a 4500 | ||
|---|---|---|---|
| 001 | 3262 | ||
| 003 | PGUSA | ||
| 005 | 20140828083029.0 | ||
| 008 | 020601s2002||||xxu|||||s|||||000 p eng d | ||
| 040 |
_aPGUSA _beng |
||
| 042 | _adc | ||
| 050 | 4 | _aPR | |
| 100 | 1 |
_aMorris, William, _d1834-1896 |
|
| 245 | 1 | 4 |
_aThe Pilgrims of Hope _h[electronic resource] / _cWilliam Morris |
| 260 |
_bProject Gutenberg, _c2002 |
||
| 505 | 0 | _aThe Message of the March Wind -- The Bridge and the Street -- Sending to the War -- Mother and Son -- New Birth -- The New Proletarian -- In Prison - and at Home -- The Half of Life Gone -- A New Friend -- Ready to Depart -- A Glimpse of the Coming Day -- Meeting The War-Machine -- The Story's Ending. | |
| 506 | _aPublic domain in the USA. | ||
| 516 | _aElectronic text | ||
| 653 | _aSocialism -- Poetry | ||
| 830 | 0 |
_aProject Gutenberg _v3262 |
|
| 856 | 4 | 0 | _uhttp://www.gutenberg.org/ebooks/3262 |
| 942 | _cEB | ||
| 999 |
_c232591 _d232591 |
||